Statistics for DEATH BATTLE! Combatants

Click here to take the quiz!

General Stats

  • This quiz has been taken 527 times
    (28 since last reset)
  • The average score is 237 of 350

Answer Stats

Answer% Correct
Batman
100%
Boba Fett
100%
Dr. Eggman
100%
Goku
100%
Koopa
100%
Leonardo
100%
Link
100%
Luigi
100%
Luke Skywalker
100%
Mario
100%
Pikachu
100%
Rebecca Black
100%
Rick Sanchez
100%
Samus Aran
100%
Shadow
100%
Sonic
100%
Superman
100%
Akuma
93%
Blanka
93%
Charizard
93%
Darth Vader
93%
Donatello
93%
Donkey Kong
93%
Goomba
93%
Harry Potter
93%
He-Man
93%
Iron Man
93%
Justin Bieber
93%
Master Chief
93%
M. Bison
93%
Mega Man
93%
Michelangelo
93%
Peach
93%
Raphael
93%
Red
93%
Ryu
93%
Shovel Knight
93%
Shredder
93%
Spider-Man
93%
Tai
93%
Tails
93%
Voltron
93%
Wonder Woman
93%
Yoshi
93%
Bowser
86%
Captain America
86%
Cloud
86%
Deadpool
86%
Doomguy
86%
Dracula
86%
Dr. Wily
86%
Fox McCloud
86%
Godzilla
86%
Ken
86%
Knuckles
86%
Kratos
86%
Lara Croft
86%
Lex Luthor
86%
Metal Sonic
86%
Naruto
86%
Nathan Drake
86%
Optimus Prime
86%
RoboCop
86%
Scrooge McDuck
86%
Silver
86%
Solid Snake
86%
Starscream
86%
The Meta
86%
Vegeta
86%
Wolverine
86%
Zelda
86%
Zitz
86%
Astro Boy
79%
Bayonetta
79%
Beast
79%
Black Panther
79%
Bucky O'Hare
79%
Chun-Li
79%
Clank
79%
Dante
79%
Daxter
79%
Deathstroke
79%
Ganon
79%
Ganondorf
79%
Hulk
79%
Jak
79%
Mai Shiranui
79%
Megatron
79%
Mewtwo
79%
Po
79%
Raiden
79%
Rainbow Dash
79%
Ratchet
79%
Red Ranger Jason
79%
Riptor
79%
Rocket Raccoon
79%
Scorpion
79%
Sephiroth
79%
Shao Kahn
79%
Silver Samurai
79%
Spawn
79%
Spyro
79%
Stitch
79%
Sub-Zero
79%
Terminator
79%
The Flash
79%
The Joker
79%
Thor
79%
Tifa
79%
Wario
79%
Zangief
79%
Zero
79%
Aang
71%
Agumon
71%
Android 18
71%
Blastoise
71%
Bomberman
71%
Captain Falcon
71%
Carolina
71%
Courage the Cowardly Dog
71%
Crash Bandicoot
71%
Dig Dug
71%
Discord
71%
Felicia
71%
Frieza
71%
Galactus
71%
Gamera
71%
Gundam
71%
Haggar
71%
Hawkeye
71%
Hercules
71%
Homelander
71%
Ivy
71%
Jin
71%
John Wick
71%
King Dedede
71%
Kirby
71%
Lion-O
71%
Lucario
71%
Martian Manhunter
71%
Obi-Wan Kenobi
71%
Omni-Man
71%
Phoenix
71%
Pinkie Pie
71%
Popeye
71%
Quicksilver
71%
Rogue
71%
Saitama
71%
Sam Fisher
71%
Scooby-Doo
71%
Scout
71%
Shang Tsung
71%
Smokey Bear
71%
Taokaka
71%
Terry
71%
The Doctor
71%
Tracer
71%
Unicron
71%
Venusaur
71%
All Might
64%
American Dragon Jake Long
64%
Ant-Man
64%
Aquaman
64%
Bane
64%
Beerus
64%
Bill Cipher
64%
Captain Marvel
64%
Chuck Norris
64%
Danny Phantom
64%
Daredevil
64%
Darkseid
64%
Doctor Doom
64%
Doomsday
64%
Goliath
64%
Harley Quinn
64%
Ichigo
64%
James Bond
64%
Jinx
64%
Jiraiya
64%
Johnny Cage
64%
Kakashi
64%
King Mickey
64%
Korra
64%
Lucy
64%
Majin Buu
64%
McGruff the Crime Dog
64%
Mega Man X
64%
Megazord
64%
Michael Myers
64%
Orchid
64%
Pit
64%
Predator
64%
Raven
64%
Renamon
64%
Rock Lee
64%
Roshi
64%
Ryu Hayabusa
64%
Samurai Jack
64%
Sanji
64%
Sasuke
64%
Sauron
64%
Scarlet Witch
64%
Shazam
64%
She-Ra
64%
Silver Surfer
64%
Sora
64%
Steven Universe
64%
Strider Hiryu
64%
Sweet Tooth
64%
Thanos
64%
The Mask
64%
Tigerzord
64%
Toph
64%
Ultron
64%
Venom
64%
Vergil
64%
Yang
64%
Yoda
64%
Zoro
64%
Zuko
64%
Ace
57%
Afro Samurai
57%
Amy Rose
57%
Atom
57%
Black Canary
57%
Black Widow
57%
Blake
57%
Broly
57%
Cammy
57%
Carnage
57%
Chosen Undead
57%
Dan Hibiki
57%
Deku
57%
DIO
57%
Erza
57%
Frank West
57%
Fulgore
57%
Gaara
57%
Geese Howard
57%
Glacius
57%
Gogeta
57%
Gojo
57%
Gray
57%
Green Arrow
57%
Green Lantern
57%
Guts
57%
Heihachi Mishima
57%
Hercule Satan
57%
Iron Fist
57%
Jason Voorhees
57%
Jon Talbain
57%
Jotaro
57%
Kool-Aid Man
57%
Last Dragonborn
57%
Leon Kennedy
57%
Lich King
57%
Machamp
57%
Macho Man
57%
Mechagodzilla
57%
Mikasa
57%
Mitsuru
57%
Natsu
57%
Nightmare
57%
Nightwing
57%
Obito Uchiha
57%
Ramona Flowers
57%
Reverse-Flash
57%
Sailor Galaxia
57%
Sarge
57%
Segata Sanshiro
57%
Sektor
57%
Shoto Todoroki
57%
Sigma
57%
SpongeBob SquarePants
57%
Storm
57%
Tanjiro
57%
Trunks
57%
Twilight Sparkle
57%
Vegito
57%
Weiss
57%
Winter Soldier
57%
Alex Mercer
50%
Alucard
50%
Apocalypse
50%
Balrog
50%
Batgirl
50%
Batman Beyond
50%
Ben 10
50%
Black Adam
50%
Booster Gold
50%
Cable
50%
Cole MacGrath
50%
Dimitri
50%
Esdeath
50%
Ghost Rider
50%
Goku Black
50%
Goro
50%
Kenshiro
50%
Killua
50%
Lobo
50%
Lopez
50%
Magneto
50%
MegaMan.EXE
50%
Mega Man Volnutt
50%
Might Guy
50%
Miles Morales
50%
Mob
50%
Ragna
50%
Red Hood
50%
Sabrewulf
50%
Sindel
50%
Sol Badguy
50%
Spider-Gwen
50%
Spider-Man 2099
50%
Star Butterfly
50%
Star Force Mega Man
50%
Sun Wukong
50%
War Machine
50%
Widowmaker
50%
Zatanna
50%
Aizen
43%
Asta
43%
Doctor Strange
43%
Donut
43%
Dragonzord
43%
Edward Elric
43%
Genos
43%
Gundam Epyon
43%
Hiei
43%
Jonathan Joestar
43%
Madara
43%
Makima
43%
Misaka
43%
Namor
43%
Ryuko
43%
Sonya
43%
Static
43%
Tatsumaki
43%
Tetsuo
43%
TJ Combo
43%
Tucker
43%
Doctor Fate
36%
Grif
36%
Sheila
36%
Simmons
36%
Texas
36%
Caboose
29%
Crona
29%
Church
21%

Score Distribution

Percentile by Number Answered

Percent of People with Each Score

Your Score History

You have not taken this quiz since the last reset